[Event "SVK-ch U12"]
[Site "Lubovna"]
[Date "2013.04.08"]
[Round "3"]
[White "Curma, Ivan"]
[Black "Macko, Miroslav"]
[Result "0-1"]
[WhiteElo "1000"]
[BlackElo "1454"]
[PlyCount "48"]
[EventDate "2013.04.06"]
[EventType "swiss"]
[EventRounds "9"]
[EventCountry "SVK"]
[SourceTitle "CBM 153 Extra"]
[Source "ChessBase"]
[SourceDate "2013.04.22"]
[SourceVersion "1"]
[SourceVersionDate "2013.04.22"]
[SourceQuality "1"]

1. e4 e5 2. Nf3 Nc6 3. Bc4 Nf6 4. Ng5 d5 5. Bb5 Nxe4 6. Nxe4 dxe4 7. f3 Bd7 8. fxe4 Bc5 9. c3 Qh4+ 10. g3 Qxe4+ 11. Be2 Qxh1+ 12. Bf1 Qxh2 13. d4 Qxg3+ 14. Kd2 Qf2+ 15. Be2 exd4 16. cxd4 Nxd4 17. Nc3 Nxe2 18. Nxe2 Bg4 19. Qe1 0-0-0+ 20. Kc2 Qxe1 21. Bg5 Qxe2+ 22. Kb3 Qd3+ 23. Ka4 Bd7+ 24. Ka5 b6# 0-1